Statistics for Next 10 Countries in Order that are Bigger than Israel

Click here to take the quiz!

General Stats

  • This quiz has been taken 36 times
  • The average score is 5 of 11

Answer Stats

Size km2Country% Correct
25,713Macedonia
74%
28,748Albania
61%
27,750Haiti
58%
22,966Belize
58%
23,200Djibouti
55%
21,041El Salvador
52%
27,834Burundi
45%
26,338Rwanda
45%
28,896Solomon Islands
32%
28,051Equatorial Guinea
29%
20,770Israel
16%

Score Distribution

Percentile by Number Answered

Percent of People with Each Score

Your Score History

You have not taken this quiz